[Event "Dundee & Angus op"]
[Site "Dundee"]
[Date "2011.10.16"]
[Round "5"]
[White "Marks, Ian Alexander"]
[Black "Rocks, Daniel"]
[Result "1/2-1/2"]
[WhiteElo "1884"]
[BlackElo "2056"]
[PlyCount "41"]
[EventDate "2011.10.14"]
[EventType "swiss"]
[EventRounds "5"]
[EventCountry "SCO"]
[SourceTitle "EXT 2017"]
[Source "ChessBase"]
[SourceDate "2016.10.25"]
[SourceVersion "1"]
[SourceVersionDate "2016.10.25"]
[SourceQuality "1"]

1. d4 Nf6 2. Nc3 d5 3. Bg5 g6 4. Qd2 Bg7 5. f3 0-0 6. e4 dxe4 7. fxe4 Nc6 8. Nf3 Bg4 9. 0-0-0 Bxf3 10. gxf3 e5 11. d5 Nd4 12. f4 Qe7 13. fxe5 Qxe5 14. Be3 c5 15. Bxd4 cxd4 16. Qxd4 Qf4+ 17. Qd2 Qh4 18. Qe1 Qf4+ 19. Qd2 Qh4 20. Qe1 Qf4+ 21. Qd2 1/2-1/2

[Event "Dundee & Angus op"]
[Site "Dundee"]
[Date "2011.10.15"]
[Round "2"]
[White "Rocks, Daniel"]
[Black "MacQueen, Calum"]
[Result "1/2-1/2"]
[WhiteElo "2056"]
[BlackElo "2203"]
[PlyCount "96"]
[EventDate "2011.10.14"]
[EventType "swiss"]
[EventRounds "5"]
[EventCountry "SCO"]
[SourceTitle "EXT 2017"]
[Source "ChessBase"]
[SourceDate "2016.10.25"]
[SourceVersion "1"]
[SourceVersionDate "2016.10.25"]
[SourceQuality "1"]

1. c4 Nf6 2. Nc3 g6 3. g3 Bg7 4. Bg2 0-0 5. e4 d6 6. Nge2 c5 7. 0-0 Nc6 8. d3 a6 9. h3 Rb8 10. a4 Ne8 11. Be3 Nc7 12. f4 Ne6 13. g4 Ned4 14. f5 b5 15. axb5 axb5 16. cxb5 Nxe2+ 17. Qxe2 Nd4 18. Qf2 Nxb5 19. Rac1 Ba6 20. Nd5 Nd4 21. Kh1 Bxd3 22. Rfd1 Ba6 23. g5 Be5 24. f6 exf6 25. gxf6 Re8 26. Bxd4 Bxd4 27. Rxd4 cxd4 28. Qh4 Re5 29. Ne7+ Kh8 30. Bf3 Bb5 31. Rc7 Rh5 32. Bxh5 Qxc7 33. Bxg6 Qc1+ 34. Kh2 Qxb2+ 35. Kh1 Qc1+ 36. Kh2 Qd2+ 37. Kh1 Qd1+ 38. Kh2 Qe2+ 39. Kh1 Qf3+ 40. Kh2 fxg6 41. Nxg6+ Kg8 42. Ne5 Qe2+ 43. Kh1 Rb7 44. f7+ Rxf7 45. Qd8+ Rf8 46. Qg5+ Kh8 47. Ng6+ Kg7 48. Ne5+ Kh8 1/2-1/2

[Event "EU-ch U18 19th"]
[Site "Fermo"]
[Date "2009.09.08"]
[Round "8"]
[White "Rocks, Daniel"]
[Black "Mammadov, Ayaz Arzu"]
[Result "0-1"]
[WhiteElo "2037"]
[BlackElo "2331"]
[PlyCount "60"]
[EventDate "2009.08.31"]
[EventType "swiss"]
[EventRounds "9"]
[EventCountry "ITA"]
[SourceTitle "CBM 132 Extra"]
[Source "ChessBase"]
[SourceDate "2009.11.03"]
[SourceVersion "1"]
[SourceVersionDate "2009.11.03"]
[SourceQuality "1"]

1. e4 e5 2. Nf3 Nc6 3. Bc4 Bc5 4. c3 Nf6 5. d3 d6 6. b4 Bb6 7. a4 a5 8. b5 Ne7 9. h3 h6 10. Qb3 0-0 11. g4 d5 12. exd5 e4 13. dxe4 Nxe4 14. Ra2 Ng6 15. Be3 Qf6 16. Be2 Nf4 17. Rh2 Nxe2 18. Kxe2 Re8 19. Nd4 Qe5 20. Nf3 Qd6 21. Kd1 Bxe3 22. fxe3 Nc5 23. Qc4 Rxe3 24. Nd4 Rd3+ 25. Rhd2 Rxh3 26. Nf5 Bxf5 27. gxf5 Re8 28. Re2 Rh1+ 29. Kc2 Rxe2+ 30. Qxe2 Rh2 0-1

[Event "EU-ch U18 19th"]
[Site "Fermo"]
[Date "2009.09.04"]
[Round "5"]
[White "Rocks, Daniel"]
[Black "Zupec, Jan"]
[Result "1-0"]
[WhiteElo "2037"]
[BlackElo "1976"]
[PlyCount "103"]
[EventDate "2009.08.31"]
[EventType "swiss"]
[EventRounds "9"]
[EventCountry "ITA"]
[SourceTitle "CBM 132 Extra"]
[Source "ChessBase"]
[SourceDate "2009.11.03"]
[SourceVersion "1"]
[SourceVersionDate "2009.11.03"]
[SourceQuality "1"]

1. e4 c6 2. Nf3 d5 3. Nc3 dxe4 4. Nxe4 Nf6 5. Nxf6+ exf6 6. Bc4 Be7 7. 0-0 0-0 8. d4 Bg4 9. c3 Nd7 10. Bf4 Nb6 11. Be2 Bd6 12. Bxd6 Qxd6 13. Nd2 Bxe2 14. Qxe2 Rfe8 15. Qf3 Re7 16. Rfe1 Rae8 17. Rxe7 Qxe7 18. Kf1 Kf8 19. Qd3 Nd5 20. g3 f5 21. Nf3 Qe4 22. Qxe4 fxe4 23. Ne5 Nb6 24. Re1 g5 25. f3 exf3 26. Nxf3 f6 27. Rxe8+ Kxe8 28. Ne1 Ke7 29. Nd3 Na4 30. Ke2 Ke6 31. c4 b5 32. c5 Kd5 33. Ke3 a5 34. b4 axb4 35. Nxb4+ Kc4 36. Nxc6 Nc3 37. Ne7 b4 38. c6 Nb5 39. d5 Kc5 40. Ke4 Nc3+ 41. Kf5 Kd6 42. Kxf6 Nxa2 43. Nf5+ Kc7 44. Nd4 Nc3 45. Ke6 Ne4 46. Ke5 Nd6 47. Ne6+ Kb8 48. Kxd6 b3 49. c7+ Kc8 50. Kc6 b2 51. d6 b1Q 52. d7# 1-0

[Event "GBR-ch 96th"]
[Site "Torquay"]
[Date "2009.08.03"]
[Round "7"]
[White "Rocks, Daniel"]
[Black "Anderson, John"]
[Result "1/2-1/2"]
[WhiteElo "2037"]
[BlackElo "2248"]
[PlyCount "67"]
[EventDate "2009.07.27"]
[EventType "swiss"]
[EventRounds "11"]
[EventCountry "ENG"]
[SourceTitle "CBM 131 Extra"]
[Source "ChessBase"]
[SourceDate "2009.09.03"]
[SourceVersion "2"]
[SourceVersionDate "2009.09.16"]
[SourceQuality "1"]

1. e4 c5 2. Nf3 Nc6 3. Bb5 g6 4. 0-0 Bg7 5. c3 Nf6 6. Re1 0-0 7. d4 d5 8. exd5 Nxd5 9. dxc5 Nc7 10. Be2 e5 11. Nbd2 Ne6 12. Ne4 f5 13. Neg5 h6 14. Nxe6 Bxe6 15. Qa4 Kh8 16. Bc4 Bd7 17. Qc2 Qe7 18. b4 e4 19. Nd4 Nxd4 20. cxd4 Bxd4 21. Bxh6 Bxa1 22. Bxf8 Qf6 23. Qc1 Qxf8 24. Qxa1+ Qg7 25. Qxg7+ Kxg7 26. Rd1 Be8 27. Rd6 a5 28. Rb6 axb4 29. Rxb7+ Kh6 30. h4 g5 31. hxg5+ Kxg5 32. Rxb4 Ra5 33. a4 Bxa4 34. Kf1 1/2-1/2

[Event "GBR-ch 96th"]
[Site "Torquay"]
[Date "2009.08.01"]
[Round "6"]
[White "Rocks, Daniel"]
[Black "Warman, Simon M"]
[Result "0-1"]
[WhiteElo "2037"]
[BlackElo "2156"]
[PlyCount "110"]
[EventDate "2009.07.27"]
[EventType "swiss"]
[EventRounds "11"]
[EventCountry "ENG"]
[SourceTitle "CBM 131 Extra"]
[Source "ChessBase"]
[SourceDate "2009.09.03"]
[SourceVersion "2"]
[SourceVersionDate "2009.09.16"]
[SourceQuality "1"]

1. d4 c5 2. d5 d6 3. e4 Nf6 4. Nc3 g6 5. Bb5+ Nfd7 6. a4 Na6 7. Nf3 Bg7 8. 0-0 0-0 9. Bf4 Nc7 10. Bd3 Nf6 11. Qd2 Re8 12. Bh6 Bh8 13. h3 e6 14. dxe6 Bxe6 15. Ng5 d5 16. exd5 Ncxd5 17. Nxe6 Rxe6 18. Nxd5 Qxd5 19. Rad1 c4 20. Be2 Qxd2 21. Rxd2 Ne4 22. Rd7 Nc5 23. Rd2 c3 24. bxc3 Bxc3 25. Rd5 Nxa4 26. Bf3 Rae8 27. Rd7 R6e7 28. Rxb7 Rxb7 29. Bxb7 Nc5 30. Bc6 Rc8 31. Bd5 a5 32. Rb1 a4 33. Bc1 Rd8 34. Bf3 Ne6 35. Ba3 Nd4 36. Be4 Ne2+ 37. Kf1 Nf4 38. Bc6 Rd2 39. Bc5 a3 40. Bxa3 Bd4 41. Ke1 Re2+ 42. Kf1 Rxf2+ 43. Ke1 Rxc2 44. Bf3 Nxg2+ 45. Bxg2 Rxg2 46. Rb3 Kg7 47. Kf1 Rf2+ 48. Ke1 Rh2 49. Rd3 Be5 50. Be7 h5 51. Kf1 Rc2 52. Bg5 Bf6 53. Bd2 h4 54. Ke2 Bg5 55. Kd1 Rxd2+ 0-1

[Event "SCO-ch"]
[Site "Edinburgh"]
[Date "2009.07.11"]
[Round "1"]
[White "Gourlay, Iain"]
[Black "Rocks, Daniel"]
[Result "1-0"]
[WhiteElo "2349"]
[BlackElo "2037"]
[PlyCount "75"]
[EventDate "2009.07.11"]
[EventType "swiss"]
[EventRounds "9"]
[EventCountry "SCO"]
[SourceTitle "CBM 131 Extra"]
[Source "ChessBase"]
[SourceDate "2009.09.03"]
[SourceVersion "2"]
[SourceVersionDate "2009.09.16"]
[SourceQuality "1"]

1. Nf3 Nf6 2. g3 g6 3. b4 d5 4. Bb2 Bg7 5. Bg2 0-0 6. 0-0 Nbd7 7. Na3 Re8 8. c4 e5 9. cxd5 Nxd5 10. Qb3 N5b6 11. d3 e4 12. dxe4 Rxe4 13. Bxg7 Kxg7 14. Ng5 Re7 15. Qxf7+ Rxf7 16. Ne6+ Kf6 17. Nxd8 Re7 18. Nxb7 Bxb7 19. Bxb7 Rb8 20. Bf3 Na4 21. Rab1 Ne5 22. Kg2 Nc3 23. Rb2 c5 24. b5 a6 25. Rc1 Na4 26. Rbb1 Nxf3 27. Kxf3 axb5 28. Rxb5 Rxb5 29. Nxb5 Rb7 30. Nd6 Rb2 31. Ne4+ Ke5 32. Nxc5 Rxa2 33. Nxa4 Rxa4 34. g4 Kf6 35. Kg3 h5 36. Rc6+ Kf7 37. gxh5 gxh5 38. Rh6 1-0

[Event "Uxbridge op"]
[Site "Denham"]
[Date "2009.02.21"]
[Round "3"]
[White "Rocks, Daniel"]
[Black "Josse, Mark"]
[Result "1/2-1/2"]
[WhiteElo "2129"]
[BlackElo "2033"]
[PlyCount "61"]
[EventDate "2009.02.20"]
[EventType "swiss"]
[EventRounds "5"]
[EventCountry "ENG"]
[SourceTitle "EXT 2011"]
[Source "ChessBase"]
[SourceDate "2010.11.26"]
[SourceVersion "1"]
[SourceVersionDate "2010.11.26"]
[SourceQuality "1"]

1. e4 c5 2. Nf3 d6 3. Bb5+ Nd7 4. 0-0 Ngf6 5. Re1 a6 6. Bxd7+ Bxd7 7. c3 e6 8. d4 cxd4 9. cxd4 d5 10. e5 Ne4 11. Nbd2 Nxd2 12. Bxd2 Be7 13. Qb3 Rb8 14. Rac1 Bc6 15. Re3 0-0 16. Bb4 Re8 17. Bxe7 Qxe7 18. Rec3 Rec8 19. Qb6 Qd8 20. Qxd8+ Rxd8 21. Ne1 Bb5 22. b3 Kf8 23. f4 Ke8 24. Kf2 b6 25. Ke3 Bd7 26. Kd2 Rdc8 27. Rh3 h6 28. Rxc8+ Rxc8 29. g4 Ke7 30. Nf3 a5 31. g5 1/2-1/2

[Event "Hastings Masters op 84th"]
[Site "Hastings"]
[Date "2008.12.31"]
[Round "4"]
[White "Rocks, Daniel"]
[Black "Hagesaether, Arne"]
[Result "0-1"]
[WhiteElo "2129"]
[BlackElo "2181"]
[PlyCount "106"]
[EventDate "2008.12.28"]
[EventType "swiss"]
[EventRounds "9"]
[EventCountry "ENG"]
[SourceTitle "CBM 128 Extra"]
[Source "ChessBase"]
[SourceDate "2009.03.05"]
[SourceVersion "2"]
[SourceVersionDate "2009.03.25"]
[SourceQuality "1"]

1. e4 c6 2. d4 d5 3. Nc3 dxe4 4. Nxe4 Bf5 5. Ng3 Bg6 6. Nf3 Nd7 7. Bd3 Ngf6 8. 0-0 e6 9. Bf4 Be7 10. Re1 0-0 11. Bxg6 hxg6 12. c4 Nb6 13. b3 c5 14. dxc5 Bxc5 15. Qe2 Nbd7 16. Ne4 Nxe4 17. Qxe4 Qb6 18. Be3 Rac8 19. Bxc5 Rxc5 20. Rad1 Nf6 21. Qe3 Qc7 22. Re2 b5 23. Ne5 bxc4 24. Nxc4 Nd5 25. Qf3 Nf4 26. Re4 g5 27. Red4 Rf5 28. Rd7 Qc5 29. Ne3 Re5 30. g3 Ng6 31. Nc4 g4 32. Qxg4 Rg5 33. Qe4 a5 34. Ne3 Re5 35. Qd4 Qc6 36. Qa7 Rb5 37. Rd8 Rc5 38. Qd7 Rxd8 39. Qxd8+ Kh7 40. Qd6 Qb5 41. Qd7 Qe2 42. Qd3 Qxa2 43. Qb1 Qe2 44. Re1 Qf3 45. Qd3 Qb7 46. Ng2 Qb4 47. Rb1 Rc3 48. Qd1 Qc5 49. Ne3 Ne5 50. Qh5+ Kg8 51. Qe2 Qc6 52. h4 Nf3+ 53. Kf1 Nd4 0-1

[Event "Hawick op"]
[Site "Hawick"]
[Date "2008.06.27"]
[Round "1"]
[White "Vincenti, David Cilia"]
[Black "Rocks, Daniel"]
[Result "1-0"]
[WhiteElo "2053"]
[BlackElo "1644"]
[PlyCount "85"]
[EventDate "2008.06.27"]
[EventType "swiss"]
[EventRounds "5"]
[EventCountry "SCO"]
[SourceTitle "EXT 2010"]
[Source "ChessBase"]
[SourceDate "2010.11.25"]
[SourceVersion "1"]
[SourceVersionDate "2010.11.25"]
[SourceQuality "1"]

1. d4 Nf6 2. c4 c5 3. d5 e6 4. Nc3 exd5 5. cxd5 d6 6. e4 g6 7. Bd3 Bg7 8. h3 0-0 9. Nf3 a6 10. a4 Nbd7 11. 0-0 Qe7 12. Bf4 Nh5 13. Bg5 Bf6 14. Be3 Bg7 15. Nd2 Rb8 16. g4 Nhf6 17. f4 Ne8 18. Re1 Bxc3 19. bxc3 b5 20. axb5 axb5 21. Qe2 c4 22. Bc2 Qh4 23. Kg2 Qd8 24. Bd4 Nc7 25. Qf2 f6 26. Qh4 Rb7 27. Qh6 Qe7 28. Nf3 Qg7 29. Qh4 h6 30. g5 hxg5 31. fxg5 Ne5 32. gxf6 Nxf3 33. Kxf3 Ne8 34. Kg2 Nxf6 35. Rf1 Rbf7 36. Ra8 g5 37. Qg3 Bxh3+ 38. Qxh3 Rxa8 39. Qe6 Ra2 40. Rxf6 Rxc2+ 41. Kg3 Qf8 42. Rg6+ Kh7 43. Rh6+ 1-0

[Event "Oban op"]
[Site "Oban"]
[Date "2007.12.01"]
[Round "3"]
[White "Wilman, John"]
[Black "Rocks, Daniel"]
[Result "0-1"]
[WhiteElo "1665"]
[BlackElo "1644"]
[PlyCount "68"]
[EventDate "2007.11.30"]
[EventType "swiss"]
[EventRounds "5"]
[EventCountry "SCO"]
[SourceTitle "EXT 2023"]
[Source "ChessBase"]
[SourceDate "2022.10.05"]
[SourceVersion "1"]
[SourceVersionDate "2022.10.05"]
[SourceQuality "1"]

1. d4 d5 2. c4 c6 3. Nf3 Nf6 4. e3 e6 5. Nc3 Nbd7 6. cxd5 exd5 7. Bd3 Bd6 8. Qc2 h6 9. Bd2 a5 10. 0-0 0-0 11. e4 dxe4 12. Nxe4 Nxe4 13. Bxe4 Nf6 14. Bf5 Qc7 15. h3 Bf4 16. Bc3 Nd5 17. Rfe1 Bxf5 18. Qxf5 Rfe8 19. Qg4 Nxc3 20. bxc3 b5 21. g3 Bd6 22. Nh4 Kh7 23. Re3 Rxe3 24. fxe3 Bxg3 25. Nf5 Bh2+ 26. Kg2 g6 27. Rh1 Bd6 28. Nxd6 Qxd6 29. e4 Qe6 30. Qe2 Re8 31. Rf1 Kg7 32. e5 Qd5+ 33. Kh2 b4 34. Rf6 bxc3 0-1